000 00619nam a2200217Ia 4500
005 20250923145954.0
008 008 250917s9999 xx 000 0 eng d
037 _aTextual
040 _aDSWL
_beng
_cDSWL
041 _aeng
_2eng
084 _aY:573, N96
_qDSWL
100 _aCasterline, John
_9840865
245 0 _aFertility in the United State : New Petterns New Theories
_c by John Casterline
260 _aNew York
_b Papulitiment Council
_c1996
300 _avii,337 p.
365 _bGift
490 _vVol. 22
925 _gGift
942 _cTEXL
_hY:573, N96
999 _c1457980
_d1457980